Contabilidad de activos (Registro nro. 16780)

Detalles MARC
000 -Cabecera
Campo de control interno 01001nam a2200229Ia 4500
005 - Fecha y hora del registro
control field 20260401120029.0
008 - Elementos de Longitud Fija
fixed length control field 260306t2009||||xx |||||||||||||| ||und||
041 ## - Idioma
Codigo Idioma ESP
082 ## - DEWEY y NOTACIÓN INTERNA
Dewey 657
Notación Interna F47A
100 ## - AUTOR
Autor denominación Fierro M., Angel María
Término de relación autor
245 #0 - TÍTULO DE MATERIAL BIBLIOGRÁFICO
Título Contabilidad de activos
260 ## - CIUDAD, EDITORIAL, AÑO
Año 2009
300 ## - DESCRIPCIÓN
N° Páginas xi, 267 páginas :
Dimensiones 24 cm.
650 ## - TEMAS
Temas Generalidades
654 ## - PROGRAMAS
Programa Dpto. de Contabilidad
856 ## - URL - UBICACIÓN
URI/URL: Enlace exacto del recurso <a href="https://itmsp.museknowledge.com/UCSP?url=https://www.ebooks7-24.com:443/?il=10057&pg=2">https://itmsp.museknowledge.com/UCSP?url=https://www.ebooks7-24.com:443/?il=10057&pg=2</a>
Nota pública: Versión digital <a href="Véase además: Contabilidad de activos con NIIF: aplica matemáticas financieras con Excel. Versión digital">Véase además: Contabilidad de activos con NIIF: aplica matemáticas financieras con Excel. Versión digital</a>
856 ## - URL - UBICACIÓN
URI/URL: Enlace exacto del recurso <a href="https://0u213uxbb-y-https-ebooks7--24-com.itmsp.museknowledge.com/biblioteca.aspx">https://0u213uxbb-y-https-ebooks7--24-com.itmsp.museknowledge.com/biblioteca.aspx</a>
Nota pública: Versión digital <a href="Véase además: Base de datos Ebook7-24">Véase además: Base de datos Ebook7-24</a>
856 ## - URL - UBICACIÓN
URI/URL: Enlace exacto del recurso <a href="https://www.legismovil.pe/LNP.asp">https://www.legismovil.pe/LNP.asp</a>
Nota pública: Versión digital <a href="Véase además: Base de datos LegisMóvil">Véase además: Base de datos LegisMóvil</a>
856 ## - URL - UBICACIÓN
URI/URL: Enlace exacto del recurso <a href="https://0u23guxbk-y-https-contadores360-pe.itmsp.museknowledge.com/">https://0u23guxbk-y-https-contadores360-pe.itmsp.museknowledge.com/</a>
Nota pública: Versión digital <a href="Véase además: Base de datos Contadores 360">Véase además: Base de datos Contadores 360</a>
942 ## - ELEMENTOS DE KOHA
Tipo de documento Libro
Nombre del creador Justo Noguera
Código de catalogador Justo Noguera
Esquema de clasificación Dewey Decimal Classification
Existencias
Codigo completo Registro Colección Copia número Disponibilidad Tipo de préstamo Biblioteca Actual Procedencia (Biblioteca) Ubicacón Fecha Ingreso Tipo de Adquisición Date last seen Total checkouts Price effective from Tipo de Item Estado del Material Fuente de Clasificación Damaged status Withdrawn status
657 F47A 1015414 Universidad Católica San Pablo 1 Disponible Disponible Víctor Andrés Belaunde Víctor Andrés Belaunde Primer piso 03/06/2026 Compra 06/03/2026   06/03/2026 Libro Bueno Dewey Decimal Classification